000
00459nam a2200145Ia 4500
008
090124s9999 xx 000 0 und d
082
_b
300018
245
_a
नामयांची अमृतवाणी
250
_a
1
260
_b
शेणोलीकर ह. श्री.
_c
1966
300
_a
267
630
_a
नामयांची अमृतवाणी
730
_a
नामयांची अमृतवाणी
942
_c
BOOK
999
_c
189574
_d
189574